000 00513nam a2200229Ia 4500
003 OSt
005 20221005120731.0
006 a|||||r|||| 00| 0
007 ta
008 221004b |||||||| |||| 00| 0 eng d
024 _a191
037 _cTextual
040 _aCRL
_cCRL
_beng
041 _2eng
_aeng
082 _aO111
245 0 _aExperience in the Novel
260 _c0000
500 _a1968,
650 _aENGLISH LITERATURE
942 _hO111
_cTEXL
_2cc
999 _c1038978
_d1038978